[Event "448. Wednesday (05.08.2020)"]
[Site "Official B"]
[Date "2020.08.05"]
[Round "4"]
[White "Flaviao"]
[Black "Sonek"]
[Result "0-1"]
[WhiteElo "1571"]
[BlackElo "1820"]
[Annotator "NA RC"]
[PlyCount "114"]
[EventDate "2020.08.05"]
[EventType "swiss (blitz)"]

1. c4 {[%emt 0:00:01]} c5 {[%emt 0:00:04]} 2. Nc3 {[%emt 0:00:01]} g6 {[%emt 0:00:01]} 3. e3 {[%emt 0:00:01]} Bg7 {[%emt 0:00:02]} 4. Be2 {[%emt 0:00:01]} d6 {[%emt 0:00:02]} 5. Nf3 {[%emt 0:00:01]} Nf6 {[%emt 0:00:05]} 6. O-O {[%emt 0:00:01]} O-O {[%emt 0:00:01]} 7. Ng5 {[%emt 0:00:02]} Nc6 {[%emt 0:00:09]} 8. Nge4 {[%emt 0:00:03]} Bf5 {[%emt 0:00:14]} 9. Nxf6+ {[%emt 0:00:02]} Bxf6 {[%emt 0:00:00]} 10. d3 {[%emt 0:00:05]} a6 {[%emt 0:00:09]} 11. a3 {[%emt 0:00:01]} Rb8 {[%emt 0:00:02]} 12. Kh1 {[%emt 0:00:08]} b5 {[%emt 0:00:06]} 13. Ne4 {[%emt 0:00:15]} Bg7 {[%emt 0:00:24]} 14. cxb5 {[%emt 0:00:09]} axb5 {[%emt 0:00:02]} 15. Nc3 {[%emt 0:00:15]} b4 {[%emt 0:00:10]} 16. axb4 {[%emt 0:00:11]} Nxb4 {[%emt 0:00:03]} 17. e4 {[%emt 0:00:03]} Be6 {[%emt 0:00:02]} 18. Bf3 {[%emt 0:00:06]} Nc6 {[%emt 0:00:19]} 19. Nd5 {[%emt 0:00:02]} Nd4 {[%emt 0:00:24]} 20. Bg4 {[%emt 0:00:04]} Bxd5 {[%emt 0:00:09]} 21. exd5 {[%emt 0:00:02]} Nb3 {[%emt 0:00:04]} 22. Ra7 {[%emt 0:00:06]} Nxc1 {[%emt 0:00:03]} 23. Qxc1 {[%emt 0:00:03]} Rxb2 {[%emt 0:00:12]} 24. Rd7 {[%emt 0:00:08]} Qa8 {[%emt 0:00:03]} 25. Rxe7 {[%emt 0:00:05]} Qxd5 {[%emt 0:00:02]} 26. Qc4 {[%emt 0:00:18]} Qg5 {[%emt 0:00:10]} 27. Rxf7 {[%emt 0:00:08]} Rxf7 {[%emt 0:00:24]} 28. Be6 {[%emt 0:00:03]} Rbb7 {[%emt 0:00:05]} 29. Bxf7+ {[%emt 0:00:11]} Rxf7 {[%emt 0:00:03]} 30. Qe6 {[%emt 0:00:02]} Qe7 {[%emt 0:00:02]} 31. Qc8+ {[%emt 0:00:03]} Rf8 {[%emt 0:00:02]} 32. Qc6 {[%emt 0:00:05]} Bd4 {[%emt 0:00:02]} 33. f3 {[%emt 0:00:06]} Be5 {[%emt 0:00:03]} 34. Re1 {[%emt 0:00:10]} Qh4 {[%emt 0:00:02]} 35. Qd5+ {[%emt 0:00:13]} Kg7 {[%emt 0:00:03]} 36. Rxe5 {[%emt 0:00:26]} dxe5 {[%emt 0:00:01]} 37. g3 {[%emt 0:00:04]} Qf6 {[%emt 0:00:02]} 38. Kg2 {[%emt 0:00:03]} Rf7 {[%emt 0:00:04]} 39. h4 {[%emt 0:00:08]} h5 {[%emt 0:00:06]} 40. Qe4 {[%emt 0:00:08]} Qf5 {[%emt 0:00:02]} 41. Kf2 {[%emt 0:00:09]} Qxe4 {[%emt 0:00:02]} 42. dxe4 {[%emt 0:00:03]} Rd7 {[%emt 0:00:01]} 43. Ke3 {[%emt 0:00:01]} c4 {[%emt 0:00:01]} 44. f4 {[%emt 0:00:01]} c3 {[%emt 0:00:01]} 45. fxe5 {[%emt 0:00:07]} Kf7 {[%emt 0:00:01]} 46. Kf4 {[%emt 0:00:01]} Ke6 {[%emt 0:00:01]} 47. Kg5 {[%emt 0:00:03]} c2 {[%emt 0:00:02]} 48. Kxg6 {[%emt 0:00:01]} c1=Q {[%emt 0:00:02]} 49. Kxh5 {[%emt 0:00:01]} Rh7+ {[%emt 0:00:03]} 50. Kg4 {[%emt 0:00:01]} Kxe5 {[%emt 0:00:02]} 51. Kf3 {[%emt 0:00:05]} Qd1+ {[%emt 0:00:04]} 52. Kg2 {[%emt 0:00:02]} Rf7 {[%emt 0:00:02]} 53. Kh3 {[%emt 0:00:04]} Qh5 {[%emt 0:00:05]} 54. Kg2 {[%emt 0:00:05]} Qg4 {[%emt 0:00:01]} 55. Kh2 {[%emt 0:00:03]} Rf3 {[%emt 0:00:01]} 56. Kg2 {[%emt 0:00:02]} Qxg3+ {[%emt 0:00:01]} 57. Kh1 {[%emt 0:00:02]} Rf1# {[%emt 0:00:01] (Lag: Av=0.97s, max=1.9s)} 0-1

[Event "448. Wednesday (05.08.2020)"]
[Site "Official B"]
[Date "2020.08.05"]
[Round "4"]
[White "Sadbat1122"]
[Black "Rainer Günnel"]
[Result "1-0"]
[WhiteElo "1566"]
[BlackElo "1340"]
[Annotator "NA RC"]
[PlyCount "79"]
[EventDate "2020.08.05"]
[EventType "swiss (blitz)"]

1. e4 {[%emt 0:00:02]} c5 {[%emt 0:00:01]} 2. c3 {[%emt 0:00:03]} d5 {[%emt 0:00:01]} 3. exd5 {[%emt 0:00:02]} Qxd5 {[%emt 0:00:00]} 4. Nf3 {[%emt 0:00:02]} Nf6 {[%emt 0:00:02]} 5. Na3 {[%emt 0:00:04]} a6 {[%emt 0:00:05]} 6. Bc4 {[%emt 0:00:02]} Qd8 {[%emt 0:00:02]} 7. O-O {[%emt 0:00:03]} b5 {[%emt 0:00:06]} 8. Be2 {[%emt 0:00:11]} Bb7 {[%emt 0:00:08]} 9. d4 {[%emt 0:00:03]} cxd4 {[%emt 0:00:02]} 10. Nxd4 {[%emt 0:00:02]} e6 {[%emt 0:00:06]} 11. Bf3 {[%emt 0:00:03]} Bxf3 {[%emt 0:00:11]} 12. Qxf3 {[%emt 0:00:02]} Nbd7 {[%emt 0:00:27]} 13. Bg5 {[%emt 0:00:08]} Be7 {[%emt 0:00:01]} 14. Nc6 {[%emt 0:00:03]} Qc8 {[%emt 0:00:26]} 15. Nxe7 {[%emt 0:00:02]} Kxe7 {[%emt 0:00:01]} 16. Rad1 {[%emt 0:00:06]} Rd8 {[%emt 0:00:10]} 17. Qh3 {[%emt 0:00:20]} h6 {[%emt 0:00:05]} 18. Bf4 {[%emt 0:00:19]} Nc5 {[%emt 0:00:08]} 19. Nc2 {[%emt 0:00:16]} Nd3 {[%emt 0:00:08]} 20. Bc1 {[%emt 0:00:19]} Nxc1 {[%emt 0:00:04]} 21. Rxc1 {[%emt 0:00:02]} Ne4 {[%emt 0:00:15]} 22. Qh4+ {[%emt 0:00:04]} Kf8 {[%emt 0:00:04]} 23. Qxe4 {[%emt 0:00:02]} Rd2 {[%emt 0:00:08]} 24. Rfd1 {[%emt 0:00:16]} Rxd1+ {[%emt 0:00:02]} 25. Rxd1 {[%emt 0:00:02]} Ra7 {[%emt 0:00:01]} 26. Qb4+ {[%emt 0:00:10]} Kg8 {[%emt 0:00:03]} 27. Qd4 {[%emt 0:00:04]} Rc7 {[%emt 0:00:07]} 28. Qd8+ {[%emt 0:00:03]} Qxd8 {[%emt 0:00:01]} 29. Rxd8+ {[%emt 0:00:02]} Kh7 {[%emt 0:00:00]} 30. f3 {[%emt 0:00:02]} Rc5 {[%emt 0:00:07]} 31. Kf2 {[%emt 0:00:02]} f6 {[%emt 0:00:04]} 32. Rd6 {[%emt 0:00:03]} e5 {[%emt 0:00:09]} 33. Rxa6 {[%emt 0:00:03]} Rd5 {[%emt 0:00:01]} 34. Ke3 {[%emt 0:00:04]} Rd1 {[%emt 0:00:03]} 35. Ke2 {[%emt 0:00:04]} Rb1 {[%emt 0:00:03]} 36. b3 {[%emt 0:00:06]} Rg1 {[%emt 0:00:07]} 37. Ne3 {[%emt 0:00:02]} Rc1 {[%emt 0:00:06]} 38. Kd2 {[%emt 0:00:02]} Rh1 {[%emt 0:00:03]} 39. h3 {[%emt 0:00:02]} Rf1 {[%emt 0:00:05]} 40. Nxf1 {[%emt 0:00:02] Rainer Günnel gibt auf (Lag: Av=0.57s, max=0.9s)} 1-0

[Event "448. Wednesday (05.08.2020)"]
[Site "Official B"]
[Date "2020.08.05"]
[Round "4"]
[White "Ciberrocker"]
[Black "Watchel"]
[Result "1-0"]
[WhiteElo "1559"]
[BlackElo "1644"]
[Annotator "NA RC"]
[PlyCount "79"]
[EventDate "2020.08.05"]
[EventType "swiss (blitz)"]

1. e4 {[%emt 0:00:05]} d5 {[%emt 0:00:02]} 2. exd5 {[%emt 0:00:02]} Qxd5 {[%emt 0:00:02]} 3. Nc3 {[%emt 0:00:02]} Qa5 {[%emt 0:00:04]} 4. Qf3 {[%emt 0:00:02]} Nf6 {[%emt 0:00:03]} 5. Bc4 {[%emt 0:00:05]} c6 {[%emt 0:00:04]} 6. Nge2 {[%emt 0:00:04]} Bg4 {[%emt 0:00:01]} 7. Qg3 {[%emt 0:00:05]} e6 {[%emt 0:00:09]} 8. O-O {[%emt 0:00:07]} Nbd7 {[%emt 0:00:08]} 9. d3 {[%emt 0:00:05]} Qe5 {[%emt 0:00:04]} 10. Bf4 {[%emt 0:00:06]} Qh5 {[%emt 0:00:08]} 11. f3 {[%emt 0:00:11]} Bf5 {[%emt 0:00:03]} 12. Qf2 {[%emt 0:00:06]} Bg6 {[%emt 0:00:01]} 13. h4 {[%emt 0:00:14]} Bc5 {[%emt 0:00:07]} 14. d4 {[%emt 0:00:03]} Bb6 {[%emt 0:00:04]} 15. g4 {[%emt 0:00:01]} Qa5 {[%emt 0:00:06]} 16. Rac1 {[%emt 0:00:03]} h6 {[%emt 0:00:04]} 17. h5 {[%emt 0:00:02]} Bh7 {[%emt 0:00:02]} 18. Bd2 {[%emt 0:00:03]} Bd8 {[%emt 0:00:17]} 19. Rfd1 {[%emt 0:00:06]} Qc7 {[%emt 0:00:02]} 20. Bf4 {[%emt 0:00:04]} Qb6 {[%emt 0:00:05]} 21. Bb3 {[%emt 0:00:05]} Bc7 {[%emt 0:00:03]} 22. Be3 {[%emt 0:00:02]} Qa5 {[%emt 0:00:05]} 23. Bd2 {[%emt 0:00:03]} Qb6 {[%emt 0:00:06]} 24. Be3 {[%emt 0:00:04]} Qa6 {[%emt 0:00:09]} 25. Nf4 {[%emt 0:00:05]} O-O {[%emt 0:00:07]} 26. Nd3 {[%emt 0:00:02]} b5 {[%emt 0:00:05]} 27. Qd2 {[%emt 0:00:02]} Rfd8 {[%emt 0:00:11]} 28. Bxh6 {[%emt 0:00:01]} gxh6 {[%emt 0:00:03]} 29. Qxh6 {[%emt 0:00:00]} Qb6 {[%emt 0:00:04]} 30. Ne2 {[%emt 0:00:03]} Rac8 {[%emt 0:00:23]} 31. g5 {[%emt 0:00:04]} Nd5 {[%emt 0:00:08]} 32. Bxd5 {[%emt 0:00:06]} cxd5 {[%emt 0:00:05]} 33. g6 {[%emt 0:00:01]} fxg6 {[%emt 0:00:09]} 34. hxg6 {[%emt 0:00:02]} Qd6 {[%emt 0:00:05]} 35. Qxh7+ {[%emt 0:00:10]} Kf8 {[%emt 0:00:02]} 36. g7+ {[%emt 0:00:03]} Kf7 {[%emt 0:00:10]} 37. Ne5+ {[%emt 0:00:01]} Nxe5 {[%emt 0:00:02]} 38. dxe5 {[%emt 0:00:03]} Qxe5 {[%emt 0:00:01]} 39. g8=Q+ {[%emt 0:00:01]} Kf6 {[%emt 0:00:03]} 40. Qgg6# {[%emt 0:00:06] (Lag: Av=0.38s, max=0.8s)} 1-0

[Event "448. Wednesday (05.08.2020)"]
[Site "Official B"]
[Date "2020.08.05"]
[Round "4"]
[White "Minimaxi0708"]
[Black "Meini"]
[Result "0-1"]
[WhiteElo "1535"]
[BlackElo "1772"]
[Annotator "NA RC"]
[PlyCount "74"]
[EventDate "2020.08.05"]
[EventType "swiss (blitz)"]

1. d4 {[%emt 0:00:08]} d5 {[%emt 0:00:02]} 2. c4 {[%emt 0:00:02]} c6 {[%emt 0:00:01]} 3. cxd5 {[%emt 0:00:02]} cxd5 {[%emt 0:00:01]} 4. Nc3 {[%emt 0:00:00]} Nc6 {[%emt 0:00:01]} 5. Nf3 {[%emt 0:00:00]} Bg4 {[%emt 0:00:01]} 6. e3 {[%emt 0:00:10]} e6 {[%emt 0:00:02]} 7. h3 {[%emt 0:00:05]} Bh5 {[%emt 0:00:02]} 8. g4 {[%emt 0:00:10]} Bg6 {[%emt 0:00:02]} 9. Ne5 {[%emt 0:00:03]} Nf6 {[%emt 0:00:09]} 10. h4 {[%emt 0:00:08]} Ne4 {[%emt 0:00:05]} 11. h5 {[%emt 0:00:15]} Nxc3 {[%emt 0:00:02]} 12. bxc3 {[%emt 0:00:02]} Nxe5 {[%emt 0:00:06]} 13. dxe5 {[%emt 0:00:05]} Be4 {[%emt 0:00:10]} 14. f3 {[%emt 0:00:02]} Qa5 {[%emt 0:00:12]} 15. Bd2 {[%emt 0:00:14]} Bc5 {[%emt 0:00:12]} 16. fxe4 {[%emt 0:00:09]} dxe4 {[%emt 0:00:03]} 17. Qb3 {[%emt 0:00:20]} O-O {[%emt 0:00:07]} 18. Rb1 {[%emt 0:00:05]} Rab8 {[%emt 0:00:11]} 19. Bc4 {[%emt 0:00:16]} Qc7 {[%emt 0:00:03]} 20. Bxe6 {[%emt 0:00:44]} Qxe5 {[%emt 0:00:06]} 21. Bf5 {[%emt 0:00:06]} Qg3+ {[%emt 0:00:02]} 22. Kd1 {[%emt 0:00:04]} Bxe3 {[%emt 0:00:07]} 23. Bxe3 {[%emt 0:00:08]} Qxe3 {[%emt 0:00:03]} 24. Kc2 {[%emt 0:00:03]} Qe2+ {[%emt 0:00:23]} 25. Kc1 {[%emt 0:00:01]} Rfd8 {[%emt 0:00:12]} 26. Qc2 {[%emt 0:00:06]} Qe3+ {[%emt 0:00:19]} 27. Kb2 {[%emt 0:00:11]} Rd2 {[%emt 0:00:01]} 28. Rbc1 {[%emt 0:00:06]} Rxc2+ {[%emt 0:00:05]} 29. Rxc2 {[%emt 0:00:00]} Qb6+ {[%emt 0:00:03]} 30. Kc1 {[%emt 0:00:03]} e3 {[%emt 0:00:01]} 31. Re1 {[%emt 0:00:05]} g6 {[%emt 0:00:05]} 32. hxg6 {[%emt 0:00:04]} hxg6 {[%emt 0:00:02]} 33. Bd3 {[%emt 0:00:04]} Rc8 {[%emt 0:00:15]} 34. c4 {[%emt 0:00:06]} Qd4 {[%emt 0:00:04]} 35. Rb2 {[%emt 0:00:25]} Qxd3 {[%emt 0:00:03]} 36. Rd1 {[%emt 0:00:00]} Rxc4+ {[%emt 0:00:04]} 37. Rc2 {[%emt 0:00:05]} Qxc2# {[%emt 0:00:02] (Lag: Av=0.40s, max=0.6s)} 0-1

[Event "448. Wednesday (05.08.2020)"]
[Site "Official B"]
[Date "2020.08.05"]
[Round "4"]
[White "Verteidigung"]
[Black "Reingames"]
[Result "0-1"]
[WhiteElo "1459"]
[BlackElo "1704"]
[Annotator "NA RC"]
[PlyCount "70"]
[EventDate "2020.08.05"]
[EventType "swiss (blitz)"]

1. c4 {[%emt 0:00:02]} c5 {[%emt 0:00:02]} 2. Nc3 {[%emt 0:00:04]} Nc6 {[%emt 0:00:02]} 3. g3 {[%emt 0:00:02]} e5 {[%emt 0:00:02]} 4. Bg2 {[%emt 0:00:03]} g6 {[%emt 0:00:01]} 5. d3 {[%emt 0:00:02]} Bg7 {[%emt 0:00:05]} 6. Nf3 {[%emt 0:00:01]} Nge7 {[%emt 0:00:02]} 7. O-O {[%emt 0:00:01]} O-O {[%emt 0:00:02]} 8. Rb1 {[%emt 0:00:02]} a6 {[%emt 0:00:06]} 9. a3 {[%emt 0:00:24]} Rb8 {[%emt 0:00:04]} 10. b4 {[%emt 0:00:02]} d6 {[%emt 0:00:06]} 11. b5 {[%emt 0:00:16]} axb5 {[%emt 0:00:04]} 12. Nxb5 {[%emt 0:00:01]} Nd4 {[%emt 0:00:13]} 13. Nfxd4 {[%emt 0:00:34]} exd4 {[%emt 0:00:03]} 14. Bf4 {[%emt 0:00:14]} Be5 {[%emt 0:00:09]} 15. Bh6 {[%emt 0:00:02]} Re8 {[%emt 0:00:03]} 16. Bg5 {[%emt 0:00:44]} f6 {[%emt 0:00:20]} 17. Bd2 {[%emt 0:00:22]} d5 {[%emt 0:00:24]} 18. cxd5 {[%emt 0:00:15]} Nxd5 {[%emt 0:00:13]} 19. Bxd5+ {[%emt 0:00:08]} Qxd5 {[%emt 0:00:05]} 20. Qb3 {[%emt 0:00:12]} Qxb3 {[%emt 0:00:12]} 21. Rxb3 {[%emt 0:00:02]} Bd7 {[%emt 0:00:01]} 22. a4 {[%emt 0:00:04]} Ra8 {[%emt 0:00:05]} 23. a5 {[%emt 0:00:07]} Ra6 {[%emt 0:00:18]} 24. Rfb1 {[%emt 0:00:16]} Bc6 {[%emt 0:00:10]} 25. Kf1 {[%emt 0:00:07]} Rea8 {[%emt 0:00:16]} 26. h4 {[%emt 0:00:05]} f5 {[%emt 0:00:18]} 27. Ke1 {[%emt 0:00:04]} Kf7 {[%emt 0:00:03]} 28. Kd1 {[%emt 0:00:04]} Ke6 {[%emt 0:00:02]} 29. f4 {[%emt 0:00:22]} Bb8 {[%emt 0:00:03]} 30. Kc2 {[%emt 0:00:11]} Kd5 {[%emt 0:00:08]} 31. Kd1 {[%emt 0:00:01] Verteidigung bietet Remis} c4 {[%emt 0:00:13]} 32. dxc4+ {[%emt 0:00:02]} Kxc4 {[%emt 0:00:08]} 33. Rb4+ {[%emt 0:00:01]} Kd5 {[%emt 0:00:01]} 34. R4b3 {[%emt 0:00:01]} Ke4 {[%emt 0:00:10]} 35. Kc2 {[%emt 0:00:02]} Bxb5 {[%emt 0:00:03] Zeit (Lag: Av=0.44s, max=1.1s)} 0-1

[Event "448. Wednesday (05.08.2020)"]
[Site "Official B"]
[Date "2020.08.05"]
[Round "4"]
[White "Weissi"]
[Black "Oliverfab"]
[Result "0-1"]
[WhiteElo "1449"]
[BlackElo "1899"]
[Annotator "NA RC"]
[PlyCount "72"]
[EventDate "2020.08.05"]
[EventType "swiss (blitz)"]
[BlackTeam "SV Laatzen"]

{- Fábregas, Oliver (1915)} 1. d4 {[%emt 0:00:03]} Nf6 {[%emt 0:00:02]} 2. c4 {[%emt 0:00:01]} e6 {[%emt 0:00:01]} 3. Nf3 {[%emt 0:00:01]} Bb4+ {[%emt 0:00:02]} 4. Nc3 {[%emt 0:00:02]} b6 {[%emt 0:00:01]} 5. Bg5 {[%emt 0:00:05]} h6 {[%emt 0:00:02]} 6. Bh4 {[%emt 0:00:02]} O-O {[%emt 0:00:02]} 7. Qc2 {[%emt 0:00:04]} Bb7 {[%emt 0:00:02]} 8. e3 {[%emt 0:00:09]} d6 {[%emt 0:00:02]} 9. Be2 {[%emt 0:00:05]} Nbd7 {[%emt 0:00:02]} 10. O-O {[%emt 0:00:05]} Bxc3 {[%emt 0:00:11]} 11. bxc3 {[%emt 0:00:13]} c5 {[%emt 0:00:04]} 12. Rfd1 {[%emt 0:00:16]} Qc7 {[%emt 0:00:13]} 13. Bg3 {[%emt 0:00:13]} Ne4 {[%emt 0:00:06]} 14. Bd3 {[%emt 0:00:12]} Nxg3 {[%emt 0:00:03]} 15. hxg3 {[%emt 0:00:02]} Rac8 {[%emt 0:00:10]} 16. Bh7+ {[%emt 0:00:13]} Kh8 {[%emt 0:00:02]} 17. d5 {[%emt 0:00:10]} Nf6 {[%emt 0:00:08]} 18. Bd3 {[%emt 0:00:19]} exd5 {[%emt 0:00:19]} 19. cxd5 {[%emt 0:00:06]} Bxd5 {[%emt 0:00:03]} 20. c4 {[%emt 0:00:17]} Bb7 {[%emt 0:00:04]} 21. Nh4 {[%emt 0:00:15]} Rfe8 {[%emt 0:00:17]} 22. Be2 {[%emt 0:00:10]} d5 {[%emt 0:00:09]} 23. cxd5 {[%emt 0:00:25]} Bxd5 {[%emt 0:00:03]} 24. Ba6 {[%emt 0:00:25]} Rcd8 {[%emt 0:00:04]} 25. Bb5 {[%emt 0:00:04]} Bc6 {[%emt 0:00:09]} 26. Bc4 {[%emt 0:00:05]} b5 {[%emt 0:00:10]} 27. Be2 {[%emt 0:00:07]} c4 {[%emt 0:00:02]} 28. Rxd8 {[%emt 0:00:11]} Rxd8 {[%emt 0:00:05]} 29. Rd1 {[%emt 0:00:04]} Rxd1+ {[%emt 0:00:11]} 30. Qxd1 {[%emt 0:00:03]} Qd7 {[%emt 0:00:01]} 31. Qc2 {[%emt 0:00:06]} Be4 {[%emt 0:00:04]} 32. Qc3 {[%emt 0:00:03]} Qd5 {[%emt 0:00:04]} 33. Bf3 {[%emt 0:00:07]} Bxf3 {[%emt 0:00:07]} 34. Nxf3 {[%emt 0:00:02]} Ng4 {[%emt 0:00:12]} 35. Qc2 {[%emt 0:00:09]} b4 {[%emt 0:00:04]} 36. Qc1 {[%emt 0:00:05]} a5 {[%emt 0:00:04] Zeit (Lag: Av=0.35s, max=0.7s)} 0-1

[Event "448. Wednesday (05.08.2020)"]
[Site "Official B"]
[Date "2020.08.05"]
[Round "4"]
[White "Holzpferd"]
[Black "Gaius Bonus"]
[Result "0-1"]
[WhiteElo "1440"]
[BlackElo "1614"]
[Annotator "NA"]
[PlyCount "108"]
[EventDate "2020.08.05"]
[EventType "swiss (blitz)"]

1. c4 {[%emt 0:00:02]} c5 {[%emt 0:00:01]} 2. Nc3 {[%emt 0:00:02]} d6 {[%emt 0:00:00]} 3. g3 {[%emt 0:00:01]} e6 {[%emt 0:00:00]} 4. Bg2 {[%emt 0:00:01]} f5 {[%emt 0:00:00]} 5. e3 {[%emt 0:00:01]} Nc6 {[%emt 0:00:00]} 6. Nge2 {[%emt 0:00:01]} Bd7 {[%emt 0:00:01]} 7. O-O {[%emt 0:00:01]} Nf6 {[%emt 0:00:00]} 8. b3 {[%emt 0:00:01]} Be7 {[%emt 0:00:00]} 9. Bb2 {[%emt 0:00:01]} O-O {[%emt 0:00:00]} 10. d4 {[%emt 0:00:01]} cxd4 {[%emt 0:00:01]} 11. exd4 {[%emt 0:00:00]} Kh8 {[%emt 0:00:04]} 12. Nf4 {[%emt 0:00:01]} Qc8 {[%emt 0:00:11]} 13. Re1 {[%emt 0:00:02]} e5 {[%emt 0:00:04]} 14. Nfd5 {[%emt 0:00:02]} Nxd5 {[%emt 0:00:12]} 15. cxd5 {[%emt 0:00:04]} Nxd4 {[%emt 0:00:00]} 16. Rc1 {[%emt 0:00:05]} Qe8 {[%emt 0:00:02]} 17. f4 {[%emt 0:00:03]} Bf6 {[%emt 0:00:26]} 18. Ne2 {[%emt 0:00:05]} Nxe2+ {[%emt 0:00:04]} 19. Rxe2 {[%emt 0:00:02]} e4 {[%emt 0:00:01]} 20. Rec2 {[%emt 0:00:03]} Bxb2 {[%emt 0:00:06]} 21. Rxb2 {[%emt 0:00:02]} h6 {[%emt 0:00:08]} 22. Rbc2 {[%emt 0:00:02]} Bb5 {[%emt 0:00:07]} 23. Rc7 {[%emt 0:00:04]} b6 {[%emt 0:00:08]} 24. Qd4 {[%emt 0:00:02]} Rf6 {[%emt 0:00:02]} 25. Rb7 {[%emt 0:00:18]} e3 {[%emt 0:00:06]} 26. Rcc7 {[%emt 0:00:02]} Rg6 {[%emt 0:00:05]} 27. Re7 {[%emt 0:00:05]} Qg8 {[%emt 0:00:08]} 28. Qxe3 {[%emt 0:00:03]} Rc8 {[%emt 0:00:10]} 29. Bh3 {[%emt 0:00:02]} Rf8 {[%emt 0:00:23]} 30. Rxa7 {[%emt 0:00:09]} Be8 {[%emt 0:00:03]} 31. Qxb6 {[%emt 0:00:23]} Qxd5 {[%emt 0:00:10]} 32. Qf2 {[%emt 0:00:08]} Bc6 {[%emt 0:00:15]} 33. Bg2 {[%emt 0:00:03]} Qd1+ {[%emt 0:00:01]} 34. Qf1 {[%emt 0:00:06]} Qd4+ {[%emt 0:00:05]} 35. Qf2 {[%emt 0:00:03]} Qd1+ {[%emt 0:00:02]} 36. Qf1 {[%emt 0:00:04]} Qd4+ {[%emt 0:00:02]} 37. Kh1 {[%emt 0:00:01]} Bxg2+ {[%emt 0:00:03]} 38. Kxg2 {[%emt 0:00:03]} h5 {[%emt 0:00:06]} 39. Rab7 {[%emt 0:00:11]} h4 {[%emt 0:00:01]} 40. a4 {[%emt 0:00:02]} Qd2+ {[%emt 0:00:10]} 41. Qf2 {[%emt 0:00:03]} h3+ {[%emt 0:00:03]} 42. Kg1 {[%emt 0:00:04]} Qd1+ {[%emt 0:00:09]} 43. Qf1 {[%emt 0:00:02]} Qd2 {[%emt 0:00:12]} 44. Re2 {[%emt 0:00:20]} Qd4+ {[%emt 0:00:07]} 45. Qf2 {[%emt 0:00:06]} Qd5 {[%emt 0:00:09]} 46. Rb5 {[%emt 0:00:15]} Qc6 {[%emt 0:00:11]} 47. Rc2 {[%emt 0:00:14]} Qe4 {[%emt 0:00:04]} 48. a5 {[%emt 0:00:08]} d5 {[%emt 0:00:09]} 49. b4 {[%emt 0:00:02]} d4 {[%emt 0:00:01]} 50. Rd2 {[%emt 0:00:04]} d3 {[%emt 0:00:01]} 51. Rb6 {[%emt 0:00:05]} Rxb6 {[%emt 0:00:08]} 52. axb6 {[%emt 0:00:01]} Rc8 {[%emt 0:00:02]} 53. Qf1 {[%emt 0:00:16]} Qe3+ {[%emt 0:00:04]} 54. Rf2 {[%emt 0:00:06]} Rc1 {[%emt 0:00:04] Holzpferd gibt auf (Lag: Av=0.39s, max=0.8s)} 0-1

[Event "448. Wednesday (05.08.2020)"]
[Site "Official B"]
[Date "2020.08.05"]
[Round "4"]
[White "Alexmil2020"]
[Black "Handgottes"]
[Result "1-0"]
[WhiteElo "1401"]
[BlackElo "1598"]
[Annotator "NA RC"]
[PlyCount "101"]
[EventDate "2020.08.05"]
[EventType "swiss (blitz)"]

{Milgevsky, Alexander} 1. e4 {[%emt 0:00:02]} c6 {[%emt 0:00:02]} 2. Nf3 {[%emt 0:00:16]} d5 {[%emt 0:00:02]} 3. exd5 {[%emt 0:00:02]} cxd5 {[%emt 0:00:02]} 4. d4 {[%emt 0:00:01]} Nc6 {[%emt 0:00:03]} 5. Nc3 {[%emt 0:00:01]} Nf6 {[%emt 0:00:02]} 6. Bb5 {[%emt 0:00:02]} Qb6 {[%emt 0:00:06]} 7. O-O {[%emt 0:00:03]} Bg4 {[%emt 0:00:04]} 8. Bg5 {[%emt 0:00:02]} e6 {[%emt 0:00:18]} 9. h3 {[%emt 0:00:01]} Bh5 {[%emt 0:00:07]} 10. Bxf6 {[%emt 0:00:01]} gxf6 {[%emt 0:00:08]} 11. a4 {[%emt 0:00:01]} Be7 {[%emt 0:00:09]} 12. Qd3 {[%emt 0:00:09]} Bg6 {[%emt 0:00:06]} 13. Qe3 {[%emt 0:00:08]} O-O {[%emt 0:00:08]} 14. h4 {[%emt 0:00:02]} h5 {[%emt 0:00:11]} 15. Bd3 {[%emt 0:00:19]} Kg7 {[%emt 0:00:03]} 16. Bxg6 {[%emt 0:00:04]} Kxg6 {[%emt 0:00:03]} 17. Qf4 {[%emt 0:00:10]} Nb4 {[%emt 0:00:10]} 18. Ne2 {[%emt 0:00:11]} Bd6 {[%emt 0:00:04]} 19. Qd2 {[%emt 0:00:09]} Rac8 {[%emt 0:00:09]} 20. c3 {[%emt 0:00:02]} Na6 {[%emt 0:00:08]} 21. Nf4+ {[%emt 0:00:05]} Bxf4 {[%emt 0:00:04]} 22. Qxf4 {[%emt 0:00:02]} Qc7 {[%emt 0:00:03]} 23. Qe3 {[%emt 0:00:13]} Qd6 {[%emt 0:00:09]} 24. b4 {[%emt 0:00:38]} Rh8 {[%emt 0:00:08]} 25. Nh2 {[%emt 0:00:18]} Rcg8 {[%emt 0:00:04]} 26. g4 {[%emt 0:00:11]} Kg7 {[%emt 0:00:07]} 27. g5 {[%emt 0:00:02]} Kf8 {[%emt 0:00:07]} 28. Kh1 {[%emt 0:00:09]} fxg5 {[%emt 0:00:05]} 29. hxg5 {[%emt 0:00:03]} Qe7 {[%emt 0:00:05]} 30. Rg1 {[%emt 0:00:01]} h4 {[%emt 0:00:06]} 31. Qe5 {[%emt 0:00:07]} Qc7 {[%emt 0:00:13]} 32. Qf6 {[%emt 0:00:07]} Rg6 {[%emt 0:00:06]} 33. Qf3 {[%emt 0:00:06]} Rhg8 {[%emt 0:00:04]} 34. Ng4 {[%emt 0:00:04]} Rxg5 {[%emt 0:00:06]} 35. Ne5 {[%emt 0:00:01]} Qe7 {[%emt 0:00:12]} 36. Rxg5 {[%emt 0:00:11]} Rxg5 {[%emt 0:00:03]} 37. Rg1 {[%emt 0:00:06]} Rxg1+ {[%emt 0:00:03]} 38. Kxg1 {[%emt 0:00:04]} Ke8 {[%emt 0:00:03]} 39. Qh5 {[%emt 0:00:03]} Nc7 {[%emt 0:00:14]} 40. Qh8+ {[%emt 0:00:16]} Qf8 {[%emt 0:00:03]} 41. Qxh4 {[%emt 0:00:03]} Qg8+ {[%emt 0:00:02]} 42. Kf1 {[%emt 0:00:01]} b5 {[%emt 0:00:10]} 43. axb5 {[%emt 0:00:13]} Nxb5 {[%emt 0:00:05]} 44. Nc6 {[%emt 0:00:02]} Kd7 {[%emt 0:00:15]} 45. Qe7+ {[%emt 0:00:02]} Kxc6 {[%emt 0:00:05]} 46. Qc5+ {[%emt 0:00:01]} Kb7 {[%emt 0:00:05]} 47. Qxb5+ {[%emt 0:00:01]} Kc8 {[%emt 0:00:03]} 48. Qc6+ {[%emt 0:00:01]} Kb8 {[%emt 0:00:03]} 49. Qd6+ {[%emt 0:00:01]} Kc8 {[%emt 0:00:03]} 50. Qc6+ {[%emt 0:00:01]} Kb8 {[%emt 0:00:01]} 51. Qd6+ {[%emt 0:00:01] Zeit (Lag: Av=1.44s, max=2.4s)} 1-0